000 00942nam a2200241 i 4500
001 147650
003 ES-MaACL
005 20230906202204.0
007 t|
008 071004m19711973sp ||||1| spa d
100 1 _aUranga Galdiano, José Esteban.
_9112058
245 1 0 _aArte medieval navarro /
_cJosé Esteban Uranga Galdiano y Francisco Íñiguez Almech.
260 _a[Pamplona] :
_bAranzadi,
_c1971-1973.
300 _a5 v. :
_bil. col. y n. ;
_c28 cm.
490 1 _aBiblioteca Caja de Ahorros de Navarra
505 8 _aContiene: 1. Arte prerrománico (274 p., 125 h. de lám.) - 2-3. Arte románico (335, 274 p.) - 4-5. Arte gótico (245, 366 p.)
650 4 _aArte medieval-
_zNavarra (Reino)
_9172694
700 1 _aIñiguez Almech, Francisco.
_965371
710 2 _aCaja de Ahorros de Navarra.
_9172695
830 1 _aBiblioteca Caja de Ahorros de Navarra
_9187485
852 _aES-MaACL
_jE-7446-50
999 _c147650
_d147650